Swirl by swirl : (Record no. 3273)

MARC details
000 -LEADER
fixed length control field 00960cam a22002774a 4500
005 - DATE AND TIME OF LATEST TRANSACTION
control field 20250513081136.0
020 ## - INTERNATIONAL STANDARD BOOK NUMBER
International Standard Book Number 9780545504713
040 ## - CATALOGING SOURCE
Original cataloging agency DLC
Transcribing agency DLC
Language of cataloging eng
050 00 - LIBRARY OF CONGRESS CALL NUMBER
Classification number PS3569.I295
Item number 2011
082 00 - DEWEY DECIMAL CLASSIFICATION NUMBER
Classification number 811.54
100 1# - MAIN ENTRY--PERSONAL NAME
Personal name Sidman, Joyce
245 10 - TITLE STATEMENT
Title Swirl by swirl :
Remainder of title spirals in nature /
Statement of responsibility, etc. written by Sidman, Joyce ; pictures by Krommes, Beth
250 ## - EDITION STATEMENT
Edition statement First Scholastic printing , October 2012
260 ## - PUBLICATION, DISTRIBUTION, ETC.
Place of publication, distribution, etc. New York :
Name of publisher, distributor, etc. Scholastic ,
Date of publication, distribution, etc. 2011
300 ## - PHYSICAL DESCRIPTION
Extent 39 unnumbered pages :
Other physical details color illustrations ;
Dimensions 22 cm .
505 ## - FORMATTED CONTENTS NOTE
Formatted contents note K <br/>
520 ## - SUMMARY, ETC.
Summary, etc. Celebrates the shape of a spiral in nature, from rushing rivers to flower buds and even the shape of an ear.
521 ## - TARGET AUDIENCE NOTE
Target audience note 510 <br/>
Source Lexile <br/>
521 ## - TARGET AUDIENCE NOTE
Target audience note K <br/>
Source Raz-Plus <br/>
650 #0 - SUBJECT ADDED ENTRY--TOPICAL TERM
Topical term or geographic name entry element Spirals
Form subdivision Juvenile poetry
650 #0 - SUBJECT ADDED ENTRY--TOPICAL TERM
Topical term or geographic name entry element Children's poetry, American
700 1# - ADDED ENTRY--PERSONAL NAME
Personal name Krommes, Beth
Relator term illustrator
906 ## - LOCAL DATA ELEMENT F, LDF (RLIN)
a 7
b cbc
c orignew
d 1
e ecip
f 20
g y-gencatlg
942 ## - ADDED ENTRY ELEMENTS (KOHA)
Source of classification or shelving scheme Dewey Decimal Classification
Koha item type Books
Suppress in OPAC No
999 ## -
-- 3273
-- 3273
Holdings
Withdrawn status Lost status Source of classification or shelving scheme Damaged status Not for loan Collection Home library Current library Shelving location Date acquired Total Checkouts Full call number Barcode Date last seen Copy number Price effective from Koha item type
    Dewey Decimal Classification     Juvenile Fiction Footprints International School Library Network Toul Kork Campus Footprints International School Library Network Toul Kork Campus TK Primary Library Room(4th Floor), Bookcase 3&4, Shelves 17-32, Yellow Books 05/13/2025   SID 811.54 PS3569.I295 FISTK02552 05/13/2025 3 05/13/2025 Books
    Dewey Decimal Classification     Juvenile Fiction Footprints International School Library Network Toul Tom Poung Campus Footprints International School Library Network Toul Tom Poung Campus TTP Primary Yellow Bookshelves 02/22/2024   SID 811.54 PS3569.I295 FISBK01572 04/10/2025 1 02/22/2024 Books
    Dewey Decimal Classification     Juvenile Fiction Footprints International School Library Network Toul Tom Poung Campus Footprints International School Library Network Toul Tom Poung Campus TTP Primary Yellow Bookshelves 05/12/2025   SID 811.54 PS3569.I295 2025-1267 05/12/2025 2 05/12/2025 Books